| 000 | 00506nam a2200169 a 4500 | ||
|---|---|---|---|
| 001 | 000036553 | ||
| 005 | 20200930075808.0 | ||
| 008 | 120120s1974 sp 000 0 spa d | ||
| 020 | _a8436101138 | ||
| 040 |
_aDO-SdBNP _bspa _cBNPHU |
||
| 100 | 1 |
_aQueen, Ellery _962812 |
|
| 245 | 1 | 4 |
_aLas aventuras de Ellery Gueen / _cellery Queen. |
| 260 |
_aBarcelona, España : _bEdiciones Picazo, _c1974. |
||
| 300 |
_a312 p. ; _c19 cm. |
||
| 490 | 1 |
_aColección Polismen _v26 |
|
| 830 | 0 |
_aColección Polismen _v26 _962813 |
|
| 999 |
_c36044 _d36044 |
||